| 000 | 00694nam a2200217 a 4500 | ||
|---|---|---|---|
| 001 | 64063 | ||
| 003 | BD-RjUL | ||
| 005 | 20211209081252.0 | ||
| 008 | 170208s1938 maua 001 0 eng | ||
| 035 | _a(BD-RjUL)64193 | ||
| 040 |
_aDLC _cKSU _dBD-RjUL _beng |
||
| 041 | _aeng | ||
| 082 |
_223 _a070.1720941 _bWIW 1938 |
||
| 100 | 1 |
_aWilliams, Valentine, _d1883-1946. _9190280 |
|
| 245 | 1 | 0 |
_aThe world of action : _bthe autobiography of Valentine Willams / _cValentine Williams |
| 260 |
_aBoston : _bHoughton Mifflin Company, _cc1938. |
||
| 300 |
_a429 p. : _bill. ; _c22 cm. |
||
| 500 | _aIncludes index. | ||
| 600 |
_aWilliams, Valentine, 1883-1946 _cAuthors, English _9190282 |
||
| 942 |
_2ddc _cBK |
||
| 999 |
_c64063 _d64063 |
||